[Event "Villarobledo Online Qualifyer"]
[Site "playchess.com #155672"]
[Date "2009.05.23"]
[Round "13"]
[White "Elo 84"]
[Black "Senad_tesanj"]
[Result "1-0"]
[WhiteElo "1681"]
[BlackElo "1647"]
[PlyCount "91"]
[EventDate "2009.05.23"]
[EventType "swiss (blitz)"]

1. e4 {[%emt 0:00:02]} c5 {[%emt 0:00:01]} 2. Nf3 {[%emt 0:00:02]} d6 {[%emt 0:
00:00]} 3. d4 {[%emt 0:00:01]} cxd4 {[%emt 0:00:01]} 4. Nxd4 {[%emt 0:00:00]}
Nf6 {[%emt 0:00:01]} 5. Nc3 {[%emt 0:00:02]} a6 {[%emt 0:00:01]} 6. a4 {[%emt
0:00:01]} Qc7 {[%emt 0:00:02]} 7. g3 {[%emt 0:00:02]} e6 {[%emt 0:00:01]} 8.
Bg2 {[%emt 0:00:01]} Be7 {[%emt 0:00:00]} 9. O-O {[%emt 0:00:01]} O-O {[%emt 0:
00:01]} 10. h3 {[%emt 0:00:07]} Nbd7 {[%emt 0:00:01]} 11. Be3 {[%emt 0:00:01]}
b6 {[%emt 0:00:01]} 12. f4 {[%emt 0:00:04]} Bb7 {[%emt 0:00:01]} 13. Nb3 {
[%emt 0:00:03]} Nc5 {[%emt 0:00:02]} 14. Nxc5 {[%emt 0:00:01]} dxc5 {[%emt 0:
00:03]} 15. Qe2 {[%emt 0:00:01]} Rfd8 {[%emt 0:00:04]} 16. Rfd1 {[%emt 0:00:01]
} Bc6 {[%emt 0:00:04]} 17. g4 {[%emt 0:00:04]} Qb7 {[%emt 0:00:02]} 18. Bf2 {
[%emt 0:00:01]} Rxd1+ {[%emt 0:00:06]} 19. Rxd1 {[%emt 0:00:02]} b5 {[%emt 0:
00:02]} 20. axb5 {[%emt 0:00:07]} axb5 {[%emt 0:00:01]} 21. g5 {[%emt 0:00:01]}
Ne8 {[%emt 0:00:26]} 22. h4 {[%emt 0:00:04]} b4 {[%emt 0:00:03]} 23. Nb1 {
[%emt 0:00:11]} Bb5 {[%emt 0:00:21]} 24. Qg4 {[%emt 0:00:03]} c4 {[%emt 0:00:
09]} 25. f5 {[%emt 0:00:02]} exf5 {[%emt 0:00:07]} 26. exf5 {[%emt 0:00:01]}
Bc6 {[%emt 0:00:08]} 27. Re1 {[%emt 0:00:07]} Bf8 {[%emt 0:00:08]} 28. h5 {
[%emt 0:00:18]} Bxg2 {[%emt 0:00:12]} 29. Qxg2 {[%emt 0:00:01]} Qxg2+ {[%emt 0:
00:03]} 30. Kxg2 {[%emt 0:00:01]} Nd6 {[%emt 0:00:04]} 31. f6 {[%emt 0:00:06]}
Re8 {[%emt 0:00:16]} 32. Rxe8 {[%emt 0:00:14]} Nxe8 {[%emt 0:00:02]} 33. fxg7 {
[%emt 0:00:02]} Nxg7 {[%emt 0:00:11]} 34. h6 {[%emt 0:00:02]} Ne6 {[%emt 0:00:
02]} 35. Be3 {[%emt 0:00:03]} Be7 {[%emt 0:00:03]} 36. Nd2 {[%emt 0:00:03]} c3
{[%emt 0:00:13]} 37. bxc3 {[%emt 0:00:02]} bxc3 {[%emt 0:00:01]} 38. Ne4 {
[%emt 0:00:01]} Kf8 {[%emt 0:00:15]} 39. Kh3 {[%emt 0:00:06]} Ke8 {[%emt 0:00:
14]} 40. Kg4 {[%emt 0:00:02]} Kd7 {[%emt 0:00:06]} 41. Nxc3 {[%emt 0:00:01]}
Kd6 {[%emt 0:00:04]} 42. Ne4+ {[%emt 0:00:05]} Ke5 {[%emt 0:00:03]} 43. Nf2 {
[%emt 0:00:07]} Bf8 {[%emt 0:00:18]} 44. Kh5 {[%emt 0:00:14]} f6 {[%emt 0:00:
11]} 45. Ng4+ {[%emt 0:00:23] .} Kf5 {[%emt 0:00:06]} 46. Nxf6 {[%emt 0:00:06]
Time} 1-0

[Event "Villarobledo Online Qualifyer"]
[Site "playchess.com #155672"]
[Date "2009.05.23"]
[Round "13"]
[White "Imperatrix"]
[Black "Slavmonster"]
[Result "1-0"]
[WhiteElo "1786"]
[BlackElo "2028"]
[PlyCount "111"]
[EventDate "2009.05.23"]
[EventType "swiss (blitz)"]

1. d4 {[%emt 0:00:04]} Nf6 {[%emt 0:00:02]} 2. c4 {[%emt 0:00:02]} e6 {[%emt 0:
00:01]} 3. Nc3 {[%emt 0:00:01]} Bb4 {[%emt 0:00:01]} 4. e3 {[%emt 0:00:01]} O-O
{[%emt 0:00:02]} 5. Bd3 {[%emt 0:00:01]} c5 {[%emt 0:00:03]} 6. Nge2 {[%emt 0:
00:01]} Nc6 {[%emt 0:00:02]} 7. a3 {[%emt 0:00:01]} Bxc3+ {[%emt 0:00:01]} 8.
Nxc3 {[%emt 0:00:01]} cxd4 {[%emt 0:00:02]} 9. exd4 {[%emt 0:00:01]} Nxd4 {
[%emt 0:00:00]} 10. Bxh7+ {[%emt 0:00:03]} Nxh7 {[%emt 0:00:00]} 11. Qxd4 {
[%emt 0:00:01]} Qc7 {[%emt 0:00:08]} 12. Bf4 {[%emt 0:00:06]} Qa5 {[%emt 0:00:
07]} 13. Bd6 {[%emt 0:00:08]} Re8 {[%emt 0:00:03]} 14. b4 {[%emt 0:00:12]} Qg5
{[%emt 0:00:22]} 15. O-O {[%emt 0:00:09]} a6 {[%emt 0:00:01]} 16. Ne4 {[%emt 0:
00:07]} Qg4 {[%emt 0:00:11]} 17. h3 {[%emt 0:00:14]} Qh4 {[%emt 0:00:07]} 18.
f4 {[%emt 0:00:13]} f5 {[%emt 0:00:03]} 19. Nc5 {[%emt 0:00:12]} b6 {[%emt 0:
00:05]} 20. Nd3 {[%emt 0:00:09]} Bb7 {[%emt 0:00:01]} 21. Qxb6 {[%emt 0:00:03]}
Be4 {[%emt 0:00:13]} 22. Qe3 {[%emt 0:00:17]} Nf6 {[%emt 0:00:07]} 23. Ne5 {
[%emt 0:00:13]} Rec8 {[%emt 0:00:06]} 24. c5 {[%emt 0:00:02]} Nd5 {[%emt 0:00:
06]} 25. Qf2 {[%emt 0:00:06]} Qh5 {[%emt 0:00:15]} 26. Nxd7 {[%emt 0:00:05]} a5
{[%emt 0:00:04]} 27. Rad1 {[%emt 0:00:06]} axb4 {[%emt 0:00:03]} 28. axb4 {
[%emt 0:00:06]} Ra3 {[%emt 0:00:03]} 29. Nb6 {[%emt 0:00:06]} Nxb6 {[%emt 0:00:
03]} 30. cxb6 {[%emt 0:00:01]} Rcc3 {[%emt 0:00:06]} 31. Be5 {[%emt 0:00:05]}
Rxh3 {[%emt 0:00:02]} 32. Rd8+ {[%emt 0:00:09]} Kh7 {[%emt 0:00:01]} 33. Qb2 {
[%emt 0:00:13]} Rh1+ {[%emt 0:00:31]} 34. Kf2 {[%emt 0:00:02]} Qh4+ {[%emt 0:
00:04]} 35. Ke2 {[%emt 0:00:11]} Qg4+ {[%emt 0:00:01]} 36. Rf3 {[%emt 0:00:21]}
Bxf3+ {[%emt 0:00:01]} 37. gxf3 {[%emt 0:00:01]} Qxf3+ {[%emt 0:00:02]} 38. Kd2
{[%emt 0:00:03]} Rh2+ {[%emt 0:00:01]} 39. Kc1 {[%emt 0:00:03]} Rc3+ {[%emt 0:
00:04]} 40. Bxc3 {[%emt 0:00:03]} Qxf4+ {[%emt 0:00:05]} 41. Bd2 {[%emt 0:00:
02]} Qc4+ {[%emt 0:00:01]} 42. Qc2 {[%emt 0:00:02]} Qxb4 {[%emt 0:00:02]} 43.
Bxb4 {[%emt 0:00:01]} Rxc2+ {[%emt 0:00:01]} 44. Kxc2 {[%emt 0:00:01]} Kg6 {
[%emt 0:00:01]} 45. b7 {[%emt 0:00:01]} f4 {[%emt 0:00:01]} 46. b8=Q {[%emt 0:
00:01]} Kf5 {[%emt 0:00:00]} 47. Rf8+ {[%emt 0:00:01]} Ke4 {[%emt 0:00:01]} 48.
Qxf4+ {[%emt 0:00:01]} Kd5 {[%emt 0:00:00]} 49. Qf7 {[%emt 0:00:03]} Kc6 {
[%emt 0:00:00]} 50. Qxg7 {[%emt 0:00:01]} e5 {[%emt 0:00:01]} 51. Qf6+ {[%emt
0:00:01]} Kd5 {[%emt 0:00:02]} 52. Re8 {[%emt 0:00:01]} e4 {[%emt 0:00:01]} 53.
Qe5+ {[%emt 0:00:01]} Kc4 {[%emt 0:00:02]} 54. Qxe4+ {[%emt 0:00:02]} Kb5 {
[%emt 0:00:00]} 55. Re5+ {[%emt 0:00:01]} Ka4 {[%emt 0:00:02]} 56. Bf8# {[%emt
0:00:04]} 1-0

[Event "Villarobledo Online Qualifyer"]
[Site "playchess.com #155672"]
[Date "2009.05.23"]
[Round "13"]
[White "Tdurden"]
[Black "GMsKoRPioN"]
[Result "0-1"]
[WhiteElo "2192"]
[BlackElo "2469"]
[PlyCount "84"]
[EventDate "2009.05.23"]
[EventType "swiss (blitz)"]

1. e4 {[%emt 0:00:03]} d6 {[%emt 0:00:01]} 2. d4 {[%emt 0:00:02]} g6 {[%emt 0:
00:01]} 3. Nc3 {[%emt 0:00:01]} Bg7 {[%emt 0:00:01]} 4. h3 {[%emt 0:00:01]} Nf6
{[%emt 0:00:02]} 5. g4 {[%emt 0:00:01]} O-O {[%emt 0:00:03]} 6. Bg2 {[%emt 0:
00:01]} c5 {[%emt 0:00:01]} 7. dxc5 {[%emt 0:00:02]} dxc5 {[%emt 0:00:02]} 8.
Qxd8 {[%emt 0:00:04]} Rxd8 {[%emt 0:00:00]} 9. Be3 {[%emt 0:00:02]} Nfd7 {
[%emt 0:00:07]} 10. Nd5 {[%emt 0:00:05]} Nc6 {[%emt 0:00:02]} 11. O-O-O {[%emt
0:00:06]} e6 {[%emt 0:00:04]} 12. Nc3 {[%emt 0:00:16]} Rb8 {[%emt 0:00:13]} 13.
Bf4 {[%emt 0:00:06]} Be5 {[%emt 0:00:35]} 14. Bxe5 {[%emt 0:00:07]} Ndxe5 {
[%emt 0:00:02]} 15. Rxd8+ {[%emt 0:00:04]} Nxd8 {[%emt 0:00:00]} 16. Nge2 {
[%emt 0:00:06]} b5 {[%emt 0:00:03]} 17. f4 {[%emt 0:00:04]} Nc4 {[%emt 0:00:01]
} 18. e5 {[%emt 0:00:03]} Ne3 {[%emt 0:00:11]} 19. Bf3 {[%emt 0:00:05]} Bb7 {
[%emt 0:00:01]} 20. Bxb7 {[%emt 0:00:03]} Rxb7 {[%emt 0:00:03]} 21. Ne4 {[%emt
0:00:12]} Rd7 {[%emt 0:00:18]} 22. Nxc5 {[%emt 0:00:06]} Rc7 {[%emt 0:00:05]}
23. b4 {[%emt 0:00:05]} a5 {[%emt 0:00:01]} 24. a3 {[%emt 0:00:03]} axb4 {
[%emt 0:00:01]} 25. axb4 {[%emt 0:00:01]} Nb7 {[%emt 0:00:00]} 26. Nxb7 {[%emt
0:00:51]} Rxc2+ {[%emt 0:00:05]} 27. Kb1 {[%emt 0:00:01]} Rxe2 {[%emt 0:00:01]}
28. Nd6 {[%emt 0:00:06]} Nc2 {[%emt 0:00:09]} 29. Rc1 {[%emt 0:00:07]} Nxb4 {
[%emt 0:00:18]} 30. Rc8+ {[%emt 0:00:02]} Kg7 {[%emt 0:00:01]} 31. Rc7 {[%emt
0:00:00]} Re1+ {[%emt 0:00:29]} 32. Kb2 {[%emt 0:00:08]} Nd3+ {[%emt 0:00:01]}
33. Ka2 {[%emt 0:00:22]} Re2+ {[%emt 0:00:07]} 34. Ka3 {[%emt 0:00:09]} b4+ {
[%emt 0:00:04]} 35. Ka4 {[%emt 0:00:03]} Ra2+ {[%emt 0:00:03]} 36. Kb5 {[%emt
0:00:02]} b3 {[%emt 0:00:03]} 37. Ne8+ {[%emt 0:00:07]} Kf8 {[%emt 0:00:11]}
38. Nf6 {[%emt 0:00:04]} Ra8 {[%emt 0:00:03]} 39. Nxh7+ {[%emt 0:00:03]} Kg7 {
[%emt 0:00:04]} 40. Ng5 {[%emt 0:00:02]} b2 {[%emt 0:00:07]} 41. Kc4 {[%emt 0:
00:16]} b1=Q {[%emt 0:00:05]} 42. Rxf7+ {[%emt 0:00:01]} Kg8 {[%emt 0:00:01]
Tdurden feladja} 0-1

[Event "Villarobledo Online Qualifyer"]
[Site "playchess.com #155672"]
[Date "2009.05.23"]
[Round "13"]
[White "Moe der Beste"]
[Black "Master of poker"]
[Result "1-0"]
[WhiteElo "2246"]
[BlackElo "2426"]
[PlyCount "95"]
[EventDate "2009.05.23"]
[EventType "swiss (blitz)"]

1. d4 {[%emt 0:00:01]} Nf6 {[%emt 0:00:02]} 2. c4 {[%emt 0:00:01]} e5 {[%emt 0:
00:01]} 3. dxe5 {[%emt 0:00:01]} Ng4 {[%emt 0:00:00]} 4. Nf3 {[%emt 0:00:02]}
Bc5 {[%emt 0:00:01]} 5. e3 {[%emt 0:00:01]} Nc6 {[%emt 0:00:00]} 6. Be2 {[%emt
0:00:03]} O-O {[%emt 0:00:00]} 7. a3 {[%emt 0:00:01]} a5 {[%emt 0:00:04]} 8.
Nc3 {[%emt 0:00:01]} Re8 {[%emt 0:00:01]} 9. Bd2 {[%emt 0:00:01]} Ngxe5 {[%emt
0:00:01]} 10. Qc2 {[%emt 0:00:01]} d6 {[%emt 0:00:14]} 11. Nd5 {[%emt 0:00:05]}
Bg4 {[%emt 0:00:08]} 12. Bc3 {[%emt 0:00:03]} Nxf3+ {[%emt 0:00:29]} 13. gxf3 {
[%emt 0:00:01]} Bh5 {[%emt 0:00:01]} 14. Rg1 {[%emt 0:00:10]} Bg6 {[%emt 0:00:
02]} 15. Bd3 {[%emt 0:00:01]} Qh4 {[%emt 0:00:11]} 16. O-O-O {[%emt 0:00:10]}
Nb4 {[%emt 0:00:17]} 17. Bxb4 {[%emt 0:00:37]} axb4 {[%emt 0:00:07]} 18. a4 {
[%emt 0:00:05]} b3 {[%emt 0:00:26]} 19. Qxb3 {[%emt 0:00:09]} Qxf2 {[%emt 0:00:
02]} 20. Bxg6 {[%emt 0:00:04]} hxg6 {[%emt 0:00:04]} 21. Rgf1 {[%emt 0:00:07]}
Qh4 {[%emt 0:00:13]} 22. e4 {[%emt 0:00:08]} Qd8 {[%emt 0:00:09]} 23. Kb1 {
[%emt 0:00:04]} c6 {[%emt 0:00:01]} 24. Nc3 {[%emt 0:00:07]} Qa5 {[%emt 0:00:
01]} 25. Rd3 {[%emt 0:00:04]} Reb8 {[%emt 0:00:13]} 26. h4 {[%emt 0:00:06]} b5
{[%emt 0:00:01]} 27. cxb5 {[%emt 0:00:02]} cxb5 {[%emt 0:00:03]} 28. Nxb5 {
[%emt 0:00:03]} Rb6 {[%emt 0:00:37]} 29. Rfd1 {[%emt 0:00:11]} Rab8 {[%emt 0:
00:14]} 30. Rd5 {[%emt 0:00:13]} Qa8 {[%emt 0:00:08]} 31. Qc4 {[%emt 0:00:07]}
Ra6 {[%emt 0:00:02]} 32. b3 {[%emt 0:00:07]} Qc6 {[%emt 0:00:02]} 33. h5 {
[%emt 0:00:32] .} gxh5 {[%emt 0:00:01]} 34. Rxh5 {[%emt 0:00:01]} d5 {[%emt 0:
00:04]} 35. Rhxd5 {[%emt 0:00:03]} Rc8 {[%emt 0:00:03]} 36. Rd7 {[%emt 0:00:04]
} Qg6 {[%emt 0:00:02]} 37. Rd8+ {[%emt 0:00:06]} Rxd8 {[%emt 0:00:02]} 38.
Rxd8+ {[%emt 0:00:00]} Kh7 {[%emt 0:00:00]} 39. Qxc5 {[%emt 0:00:01]} Rc6 {
[%emt 0:00:01]} 40. Qf2 {[%emt 0:00:05]} Qh6 {[%emt 0:00:00]} 41. Rd1 {[%emt 0:
00:05]} f5 {[%emt 0:00:04]} 42. Nd4 {[%emt 0:00:04]} Rb6 {[%emt 0:00:04]} 43.
Qc2 {[%emt 0:00:04]} fxe4 {[%emt 0:00:01]} 44. Qxe4+ {[%emt 0:00:01]} Kg8 {
[%emt 0:00:00]} 45. Nb5 {[%emt 0:00:02]} Qf6 {[%emt 0:00:02]} 46. Qe8+ {[%emt
0:00:03]} Kh7 {[%emt 0:00:01]} 47. Rh1+ {[%emt 0:00:01]} Qh6 {[%emt 0:00:01]}
48. Rxh6+ {[%emt 0:00:01] Master of poker abandonne} 1-0

[Event "Villarobledo Online Qualifyer"]
[Site "playchess.com #155672"]
[Date "2009.05.23"]
[Round "13"]
[White "Freuds"]
[Black "MiguelM"]
[Result "1-0"]
[WhiteElo "1484"]
[BlackElo "1677"]
[PlyCount "95"]
[EventDate "2009.05.23"]
[EventType "swiss (blitz)"]

1. e4 {[%emt 0:00:02]} Nf6 {[%emt 0:00:01]} 2. Nc3 {[%emt 0:00:03]} Nc6 {[%emt
0:00:02]} 3. Be2 {[%emt 0:00:01]} d6 {[%emt 0:00:01]} 4. Nf3 {[%emt 0:00:01]}
g6 {[%emt 0:00:02]} 5. d3 {[%emt 0:00:01]} Bg7 {[%emt 0:00:01]} 6. Bf4 {[%emt
0:00:03]} O-O {[%emt 0:00:01]} 7. h3 {[%emt 0:00:02]} e5 {[%emt 0:00:01]} 8.
Bg3 {[%emt 0:00:02]} a6 {[%emt 0:00:01]} 9. O-O {[%emt 0:00:04]} Be6 {[%emt 0:
00:01]} 10. a3 {[%emt 0:00:03]} Qd7 {[%emt 0:00:01]} 11. Rc1 {[%emt 0:00:03]}
Nh5 {[%emt 0:00:03]} 12. Bh2 {[%emt 0:00:03]} f5 {[%emt 0:00:01]} 13. exf5 {
[%emt 0:00:02]} Bxf5 {[%emt 0:00:02]} 14. Ne4 {[%emt 0:00:05]} Bxe4 {[%emt 0:
00:03]} 15. dxe4 {[%emt 0:00:03]} Nf4 {[%emt 0:00:01]} 16. Bxf4 {[%emt 0:00:03]
} Rxf4 {[%emt 0:00:02]} 17. c4 {[%emt 0:00:07]} Raf8 {[%emt 0:00:12]} 18. Qd3 {
[%emt 0:00:06]} Bh6 {[%emt 0:00:08]} 19. Rcd1 {[%emt 0:00:10]} g5 {[%emt 0:00:
16]} 20. b4 {[%emt 0:00:56]} g4 {[%emt 0:00:04]} 21. hxg4 {[%emt 0:00:06]} Qxg4
{[%emt 0:00:01]} 22. Nxe5 {[%emt 0:00:05]} Qg7 {[%emt 0:00:14]} 23. Qd5+ {
[%emt 0:00:08]} Kh8 {[%emt 0:00:02]} 24. Nxc6 {[%emt 0:00:03]} bxc6 {[%emt 0:
00:03]} 25. Qxc6 {[%emt 0:00:04]} Rxf2 {[%emt 0:00:27]} 26. Rxf2 {[%emt 0:00:
36]} Be3 {[%emt 0:00:02]} 27. Rdf1 {[%emt 0:00:04]} Bxf2+ {[%emt 0:00:01]} 28.
Rxf2 {[%emt 0:00:02]} Qd4 {[%emt 0:00:10]} 29. Bf3 {[%emt 0:00:06]} Qa1+ {
[%emt 0:00:21]} 30. Rf1 {[%emt 0:00:06]} Qxa3 {[%emt 0:00:05]} 31. Qxc7 {[%emt
0:00:02]} Qxb4 {[%emt 0:00:05]} 32. Qe7 {[%emt 0:00:03]} Qc5+ {[%emt 0:00:06]}
33. Rf2 {[%emt 0:00:03]} Rb8 {[%emt 0:00:05]} 34. Qf6+ {[%emt 0:00:07]} Kg8 {
[%emt 0:00:01]} 35. e5 {[%emt 0:00:16]} Rb1+ {[%emt 0:00:07]} 36. Kh2 {[%emt 0:
00:09]} Qxe5+ {[%emt 0:00:14]} 37. Qxe5 {[%emt 0:00:01]} dxe5 {[%emt 0:00:01]}
38. Bd5+ {[%emt 0:00:01]} Kg7 {[%emt 0:00:02]} 39. Kg3 {[%emt 0:00:01]} a5 {
[%emt 0:00:03]} 40. Kg4 {[%emt 0:00:01]} a4 {[%emt 0:00:03]} 41. Kg5 {[%emt 0:
00:01]} h6+ {[%emt 0:00:03]} 42. Kh5 {[%emt 0:00:02]} Rh1+ {[%emt 0:00:02]} 43.
Kg4 {[%emt 0:00:01]} h5+ {[%emt 0:00:05]} 44. Kg5 {[%emt 0:00:01]} Re1 {[%emt
0:00:14]} 45. Rf7+ {[%emt 0:00:03]} Kh8 {[%emt 0:00:01]} 46. Kg6 {[%emt 0:00:
02]} Kg8 {[%emt 0:00:10]} 47. Rf1+ {[%emt 0:00:07]} Kh8 {[%emt 0:00:03]} 48.
Rf8# {[%emt 0:00:03]} 1-0

[Event "Villarobledo Online Qualifyer"]
[Site "playchess.com #155672"]
[Date "2009.05.23"]
[Round "13"]
[White "Dominguez"]
[Black "Kakaku"]
[Result "1-0"]
[WhiteElo "2132"]
[BlackElo "1875"]
[PlyCount "79"]
[EventDate "2009.05.23"]
[EventType "swiss (blitz)"]

1. e4 {[%emt 0:00:04]} c6 {[%emt 0:00:01]} 2. d4 {[%emt 0:00:01]} d5 {[%emt 0:
00:00]} 3. Nd2 {[%emt 0:00:00]} dxe4 {[%emt 0:00:01]} 4. Nxe4 {[%emt 0:00:00]}
Nd7 {[%emt 0:00:00]} 5. Bd3 {[%emt 0:00:06]} Ngf6 {[%emt 0:00:02]} 6. Ng5 {
[%emt 0:00:01]} e6 {[%emt 0:00:02]} 7. N1f3 {[%emt 0:00:04]} h6 {[%emt 0:00:05]
} 8. Nxe6 {[%emt 0:00:06]} fxe6 {[%emt 0:00:06]} 9. Bg6+ {[%emt 0:00:02]} Ke7 {
[%emt 0:00:02]} 10. O-O {[%emt 0:00:09]} Qb6 {[%emt 0:00:18]} 11. c4 {[%emt 0:
00:05]} Kd8 {[%emt 0:00:23]} 12. c5 {[%emt 0:00:27]} Bxc5 {[%emt 0:00:20]} 13.
dxc5 {[%emt 0:00:06]} Qxc5 {[%emt 0:00:00]} 14. Be3 {[%emt 0:00:05]} Qd5 {
[%emt 0:00:08]} 15. Qc2 {[%emt 0:00:05]} Ke7 {[%emt 0:00:22]} 16. Rad1 {[%emt
0:00:11]} Qxa2 {[%emt 0:00:15]} 17. Bc5+ {[%emt 0:00:05]} Kd8 {[%emt 0:00:14]}
18. Ne5 {[%emt 0:00:04]} Kc7 {[%emt 0:00:25]} 19. Nf7 {[%emt 0:00:18]} Rf8 {
[%emt 0:00:39]} 20. Bd6+ {[%emt 0:00:14]} Kb6 {[%emt 0:00:02]} 21. Rd3 {[%emt
0:00:07]} a6 {[%emt 0:00:15]} 22. Rb3+ {[%emt 0:00:12]} Ka7 {[%emt 0:00:01]}
23. Bc5+ {[%emt 0:00:02]} b6 {[%emt 0:00:02]} 24. Bxf8 {[%emt 0:00:04]} Nxf8 {
[%emt 0:00:01]} 25. Bd3 {[%emt 0:00:18]} Qa4 {[%emt 0:00:02]} 26. Rc1 {[%emt 0:
00:24]} Bb7 {[%emt 0:00:01]} 27. Nd6 {[%emt 0:00:05]} Rb8 {[%emt 0:00:03]} 28.
Nxb7 {[%emt 0:00:05]} Kxb7 {[%emt 0:00:01]} 29. Rxb6+ {[%emt 0:00:10]} Kxb6 {
[%emt 0:00:02]} 30. Qxa4 {[%emt 0:00:01]} Ka7 {[%emt 0:00:02]} 31. Qa5 {[%emt
0:00:01]} Rb6 {[%emt 0:00:02]} 32. h3 {[%emt 0:00:02]} Nd5 {[%emt 0:00:01]} 33.
Qc5 {[%emt 0:00:01]} Nd7 {[%emt 0:00:02]} 34. Qd6 {[%emt 0:00:01]} N7f6 {[%emt
0:00:06]} 35. Rxc6 {[%emt 0:00:04]} Kb7 {[%emt 0:00:01]} 36. Rxb6+ {[%emt 0:00:
02]} Nxb6 {[%emt 0:00:00]} 37. Qxe6 {[%emt 0:00:01]} a5 {[%emt 0:00:01]} 38.
Qf7+ {[%emt 0:00:01]} Kc6 {[%emt 0:00:01]} 39. Qxg7 {[%emt 0:00:01]} a4 {[%emt
0:00:00]} 40. Qxf6+ {[%emt 0:00:01] Kakaku resigns} 1-0

[Event "Villarobledo Online Qualifyer"]
[Site "playchess.com #155672"]
[Date "2009.05.23"]
[Round "13"]
[White "Jebe"]
[Black "Murri"]
[Result "1-0"]
[WhiteElo "2017"]
[BlackElo "1820"]
[PlyCount "127"]
[EventDate "2009.05.23"]
[EventType "swiss (blitz)"]

1. d4 {[%emt 0:00:01]} d5 {[%emt 0:00:02]} 2. c4 {[%emt 0:00:01]} e6 {[%emt 0:
00:01]} 3. Nc3 {[%emt 0:00:01]} Nf6 {[%emt 0:00:01]} 4. Bg5 {[%emt 0:00:00]}
Be7 {[%emt 0:00:01]} 5. Bxf6 {[%emt 0:00:00]} Bxf6 {[%emt 0:00:01]} 6. e3 {
[%emt 0:00:00]} c6 {[%emt 0:00:06]} 7. Nf3 {[%emt 0:00:01]} O-O {[%emt 0:00:01]
} 8. h4 {[%emt 0:00:01]} Nd7 {[%emt 0:00:01]} 9. Bd3 {[%emt 0:00:01]} h6 {
[%emt 0:00:02]} 10. g4 {[%emt 0:00:01]} e5 {[%emt 0:00:08]} 11. g5 {[%emt 0:00:
01]} hxg5 {[%emt 0:00:07]} 12. Bh7+ {[%emt 0:00:03]} Kh8 {[%emt 0:00:02]} 13.
hxg5 {[%emt 0:00:01]} Bxg5 {[%emt 0:00:07]} 14. Nxe5 {[%emt 0:00:16]} Nxe5 {
[%emt 0:00:08]} 15. dxe5 {[%emt 0:00:01]} Bh6 {[%emt 0:00:01]} 16. Bc2 {[%emt
0:00:16]} Qg5 {[%emt 0:00:02]} 17. Qd3 {[%emt 0:00:07]} g6 {[%emt 0:00:09]} 18.
O-O-O {[%emt 0:00:01]} Bf5 {[%emt 0:00:05]} 19. Qd4 {[%emt 0:00:01]} Bxc2 {
[%emt 0:00:04]} 20. Kxc2 {[%emt 0:00:00]} Kg7 {[%emt 0:00:08]} 21. f4 {[%emt 0:
00:06]} Qf5+ {[%emt 0:00:06]} 22. Kc1 {[%emt 0:00:01]} Qe6 {[%emt 0:00:05]} 23.
cxd5 {[%emt 0:00:14]} cxd5 {[%emt 0:00:01]} 24. Nxd5 {[%emt 0:00:02]} Rac8+ {
[%emt 0:00:08]} 25. Kb1 {[%emt 0:00:01]} Qf5+ {[%emt 0:00:02]} 26. Ka1 {[%emt
0:00:02]} Qc2 {[%emt 0:00:03]} 27. e6+ {[%emt 0:00:02]} f6 {[%emt 0:00:10]} 28.
e7 {[%emt 0:00:01]} Rf7 {[%emt 0:00:05]} 29. f5 {[%emt 0:00:30]} Bg5 {[%emt 0:
00:34]} 30. fxg6 {[%emt 0:00:19]} Kxg6 {[%emt 0:00:08]} 31. e4 {[%emt 0:00:09]}
Re8 {[%emt 0:00:30]} 32. e5 {[%emt 0:00:20]} Rc8 {[%emt 0:00:05]} 33. exf6 {
[%emt 0:00:02]} Bxf6 {[%emt 0:00:03]} 34. Qg4+ {[%emt 0:00:11]} Bg5 {[%emt 0:
00:03]} 35. Qh5+ {[%emt 0:00:03]} Kg7 {[%emt 0:00:05]} 36. Qxg5+ {[%emt 0:00:
04]} Qg6 {[%emt 0:00:01]} 37. Qxg6+ {[%emt 0:00:11]} Kxg6 {[%emt 0:00:02]} 38.
Rdg1+ {[%emt 0:00:05]} Kf5 {[%emt 0:00:03]} 39. Rf1+ {[%emt 0:00:07]} Ke6 {
[%emt 0:00:10]} 40. Rxf7 {[%emt 0:00:01]} Kxf7 {[%emt 0:00:01]} 41. Re1 {[%emt
0:00:05]} Re8 {[%emt 0:00:05]} 42. Nc7 {[%emt 0:00:03]} Rxe7 {[%emt 0:00:02]}
43. Rxe7+ {[%emt 0:00:00]} Kxe7 {[%emt 0:00:01]} 44. Nb5 {[%emt 0:00:01]} a6 {
[%emt 0:00:02]} 45. Nc3 {[%emt 0:00:01]} Kd7 {[%emt 0:00:02]} 46. Kb1 {[%emt 0:
00:00]} Kc6 {[%emt 0:00:03]} 47. Kc2 {[%emt 0:00:01]} Kc5 {[%emt 0:00:02]} 48.
Kb3 {[%emt 0:00:02]} Kc6 {[%emt 0:00:02]} 49. Kc4 {[%emt 0:00:01]} Kb6 {[%emt
0:00:04]} 50. b4 {[%emt 0:00:03]} Kc6 {[%emt 0:00:01]} 51. a4 {[%emt 0:00:02]}
Kb6 {[%emt 0:00:01]} 52. Nd5+ {[%emt 0:00:02]} Kc6 {[%emt 0:00:01]} 53. b5+ {
[%emt 0:00:03]} axb5+ {[%emt 0:00:02]} 54. axb5+ {[%emt 0:00:01]} Kd7 {[%emt 0:
00:03]} 55. Kc5 {[%emt 0:00:02]} Kc8 {[%emt 0:00:02]} 56. Kb6 {[%emt 0:00:01]}
Kb8 {[%emt 0:00:01]} 57. Nf6 {[%emt 0:00:07]} Ka8 {[%emt 0:00:03]} 58. Ne4 {
[%emt 0:00:03]} Kb8 {[%emt 0:00:01]} 59. Nc5 {[%emt 0:00:01]} Ka8 {[%emt 0:00:
01]} 60. Nxb7 {[%emt 0:00:01]} Kb8 {[%emt 0:00:01]} 61. Nd6 {[%emt 0:00:02]}
Ka8 {[%emt 0:00:01]} 62. Kc7 {[%emt 0:00:01]} Ka7 {[%emt 0:00:03]} 63. b6+ {
[%emt 0:00:01]} Ka6 {[%emt 0:00:01]} 64. b7 {[%emt 0:00:01] Murri resigns} 1-0